| 000 | 00675 a2200253 4500 | ||
|---|---|---|---|
| 999 |
_c200423928 _d38803 |
||
| 001 | 200423928 | ||
| 003 | TR-AnTOB | ||
| 005 | 20191121101219.0 | ||
| 008 | 160229s tu 000 0 | ||
| 040 |
_aTR-AnTOB _btur _erda _cTR-AnTOB |
||
| 041 | 0 | _atur | |
| 050 |
_aTK6575. _bK57 2015 |
||
| 090 | _aTK6575.K57 2015 | ||
| 245 | 1 | 0 |
_a40 yıl Aselsan : _bGüven veren teknoloji / _cAselsan. |
| 246 | 1 | 3 | _a40 yıllık bir dost |
| 264 |
_aAnkara: _bAselsan, _c2015 |
||
| 300 |
_a137 s. ; _c24 cm. |
||
| 336 |
_atext _2rdacontent _btxt |
||
| 337 |
_aunmediated _2rdamedia _bn |
||
| 338 |
_avolume _2rdacarrier _bnc |
||
| 610 | 2 | 0 |
_aAselsan _9112324 |
| 942 |
_cBK _2lcc |
||